Curso de informática personal Windows 98/ Millennium

Bibliographic Details
Main Author: España.Cultural S.A.
Format: Section = Libro
Language:Undetermined
Spanish
Published: España Cultural 2001
Subjects:
LEADER 00598nam a2200217Ia 4500
008 240829s9999 xx 000 0 und d
020 |a 84-8055-426-6 
040 |a BIBLIOTECA-RUSB/ Ref 004 E77 
041 |a spa 
082 |a Ref 004 E77 
100 1 |a España.Cultural S.A. 
245 1 0 |a Curso de informática personal Windows 98/ Millennium 
260 |a España  |b Cultural  |c 2001 
300 |a 439 p. :il. 
650 7 |a INFORMATICA 
650 7 |b  WINDOWS 98 EXPLORADOR 
650 7 |c  MICROSOFT INTERNET EXPLORE 
650 7 |e  ACCESORIOS WINDOWS 98 
942 |c BK  |2 ddc 
991 |a TEXTO 
999 |c 5616